[Event "DVM U10 2014"]
[Site "Magdeburg GER"]
[Date "2014.12.28"]
[Round "3"]
[White "Lindner, Ben"]
[Black "Wöstmann, Benjamin"]
[Result "0-1"]
[Termination "normal"]
[Board "23.1"]
[WhiteElo "949"]
[BlackElo "600"]
[WhiteTeam "BSG Grün-Weiß Leipzig 2"]
[BlackTeam "Hamburger SK 2"]
[PlyCount "94"]
[WhiteFideId "16214552"]
[EventCountry "GER"]
[EventRounds "7"]
[EventType "team-swiss"]
[EventDate "2014.12.27"]

1. e4 e5 2. Nf3 Nc6 3. Bc4 Bc5 4. Nc3 Nf6 5. d3 h6 6. h3 d6 7. Be3 Bb6 8. Nd5
Nxd5 9. Bxd5 O-O 10. g4 Bxe3 11. fxe3 Nb4 12. a3 Nxd5 13. exd5 c6 14. e4 cxd5
15. exd5 Qa5+ 16. c3 Qxd5 17. Rg1 e4 18. dxe4 Qxe4+ 19. Qe2 Qc6 20. O-O-O Re8
21. Qg2 b6 22. g5 h5 23. g6 f6 24. Rge1 Rxe1 25. Rxe1 Bb7 26. Rf1 Re8 27. Qf2
Ba6 28. Re1 Rxe1+ 29. Nxe1 Qc5 30. Qxc5 dxc5 31. Kc2 Bc8 32. h4 Bf5+ 33. Nd3
Bxg6 34. b3 Kf8 35. Kd2 Ke7 36. c4 Bxd3 37. Kxd3 Kd6 38. Ke4 g5 39. hxg5 fxg5
40. Kf3 Ke5 41. Ke3 h4 42. Kf2 Kf4 43. Kg2 g4 44. a4 h3+ 45. Kg1 Kf3 46. Kf1 h2
47. Ke1 h1=Q+ 0-1

[Event "DVM U10 2014"]
[Site "Magdeburg GER"]
[Date "2014.12.28"]
[Round "3"]
[White "Zores, Kai"]
[Black "Wittig, Georg"]
[Result "1-0"]
[Termination "normal"]
[Board "23.2"]
[WhiteElo "600"]
[BlackElo "942"]
[WhiteTeam "Hamburger SK 2"]
[BlackTeam "BSG Grün-Weiß Leipzig 2"]
[PlyCount "79"]
[BlackFideId "16266366"]
[EventCountry "GER"]
[EventRounds "7"]
[EventType "team-swiss"]
[EventDate "2014.12.27"]

1. e4 e5 2. Nf3 Nc6 3. Bc4 Nf6 4. Nc3 Bc5 5. d3 d6 6. Bg5 h6 7. Be3 Be6 8. Bb3
Ng4 9. Bxc5 dxc5 10. h3 Nf6 11. O-O Nd4 12. Nxe5 Nxb3 13. axb3 Nd7 14. Nf3 Qe7
15. Nb5 Rc8 16. Rxa7 Nb6 17. Rxb7 O-O 18. d4 f6 19. d5 Bf7 20. d6 Qd7 21. dxc7
Qxb5 22. Qd6 Qa6 23. Rxb6 Qa8 24. e5 c4 25. e6 Bg6 26. Rc1 Rfe8 27. Nd4 Kh7 28.
Nc6 Rxe6 29. Qxe6 Rxc7 30. Rb8 Qxb8 31. Nxb8 Bf7 32. Qd6 Rc8 33. Re1 cxb3 34.
cxb3 h5 35. b4 Be8 36. Rxe8 Rxe8 37. b5 Re1+ 38. Kh2 Rb1 39. Qd3+ g6 40. Qxb1
1-0

[Event "DVM U10 2014"]
[Site "Magdeburg GER"]
[Date "2014.12.28"]
[Round "3"]
[White "Sieber, Paale"]
[Black "Müller, Linus"]
[Result "0-1"]
[Termination "normal"]
[Board "23.3"]
[WhiteElo "600"]
[BlackElo "600"]
[WhiteTeam "BSG Grün-Weiß Leipzig 2"]
[BlackTeam "Hamburger SK 2"]
[PlyCount "86"]
[BlackFideId "16245946"]
[EventCountry "GER"]
[EventRounds "7"]
[EventType "team-swiss"]
[EventDate "2014.12.27"]

1. e4 e5 2. Bc4 Nf6 3. Nc3 Bc5 4. Nf3 d6 5. d3 h6 6. O-O O-O 7. Qe1 Bg4 8. Nh4
Bb4 9. Nf5 Bxf5 10. exf5 Nc6 11. Qe2 d5 12. Bb3 d4 13. Ne4 Nxe4 14. Qxe4 Ne7
15. c3 Ba5 16. cxd4 exd4 17. f6 Ng6 18. fxg7 Kxg7 19. Qe2 Re8 20. Qd1 Re7 21.
Bc2 Qe8 22. a3 Rd8 23. b4 Bb6 24. Qd2 Qh8 25. b5 Rd5 26. a4 a5 27. Ba3 Ree5 28.
Rae1 Rg5 29. Re2 Nh4 30. Rfe1 Nxg2 31. Re8 Qh7 32. Bf8+ Kg6 33. R1e6+ fxe6 34.
Rxe6+ Kf5 35. Qe2 Nf4+ 36. Kf1 Nxe2 37. Rxe2 Qg6 38. Ke1 Rg1+ 39. Kd2 Qg5+ 40.
Re3 Re5 41. Be7 Qxe7 42. Rxe5+ Qxe5 43. f4 Qe1# 0-1

[Event "DVM U10 2014"]
[Site "Magdeburg GER"]
[Date "2014.12.28"]
[Round "3"]
[White "Meurer, Calvin"]
[Black "Kassebaum, Elias Konstantin"]
[Result "1-0"]
[Termination "normal"]
[Board "24.1"]
[WhiteElo "946"]
[BlackElo "895"]
[WhiteTeam "SV Roter Turm Halle 2"]
[BlackTeam "SG Bünde"]
[PlyCount "127"]
[EventCountry "GER"]
[EventRounds "7"]
[EventType "team-swiss"]
[EventDate "2014.12.27"]

1. d4 Nf6 2. Nc3 g6 3. e4 d6 4. d5 Bg7 5. Nf3 O-O 6. Bd3 c6 7. dxc6 Nxc6 8. Qe2
Qb6 9. O-O Be6 10. Rb1 Nd7 11. Be3 Qc7 12. Nb5 Qa5 13. Bd2 Qd8 14. a3 a6 15.
Nc3 Qc7 16. Be3 Rfe8 17. Qd2 Bg4 18. Be2 Nce5 19. Nxe5 Bxe2 20. Qxe2 Nxe5 21.
Bd4 Nc4 22. Bxg7 Kxg7 23. Nd5 Qc5 24. Qd3 e6 25. Qc3+ Kg8 26. Nf6+ Kf8 27. Nxe8
Rxe8 28. b3 Nxa3 29. Qxc5 dxc5 30. Rb2 b5 31. Ra2 b4 32. c3 a5 33. cxb4 axb4
34. Rc1 Rd8 35. f3 Rc8 36. g4 Kg7 37. h4 Kf6 38. Kg2 h6 39. Kg3 g5 40. hxg5+
Kxg5 41. f4+ Kg6 42. f5+ exf5 43. exf5+ Kg5 44. Kf3 Rd8 45. Rxc5 Rd3+ 46. Kg2
Kxg4 47. f6 h5 48. Rc7 h4 49. Rxf7 h3+ 50. Kh2 Rxb3 51. Rg7+ Kh4 52. f7 Rf3 53.
Rb2 Nc4 54. Rxb4 Rf2+ 55. Kh1 Rf1+ 56. Rg1 Rf4 57. f8=Q Rxf8 58. Rxc4+ Kh5 59.
Rg3 Rf1+ 60. Rg1 Rf8 61. Kh2 Rf3 62. Rg3 Rf2+ 63. Kxh3 Rf1 64. Rh4# 1-0

[Event "DVM U10 2014"]
[Site "Magdeburg GER"]
[Date "2014.12.28"]
[Round "3"]
[White "Kröger, Tim"]
[Black "Mielewsky, Karl-Josef"]
[Result "1-0"]
[Termination "normal"]
[Board "24.2"]
[WhiteElo "1076"]
[BlackElo "857"]
[WhiteTeam "SG Bünde"]
[BlackTeam "SV Roter Turm Halle 2"]
[PlyCount "55"]
[WhiteFideId "16241207"]
[EventCountry "GER"]
[EventRounds "7"]
[EventType "team-swiss"]
[EventDate "2014.12.27"]

1. d4 d5 2. c4 e6 3. Nc3 Nf6 4. Bg5 Be7 5. e3 O-O 6. Qc2 b6 7. O-O-O Bb4 8.
cxd5 Bxc3 9. Qxc3 exd5 10. Bd3 Bg4 11. f3 Be6 12. Qc2 Nc6 13. Bxh7+ Kh8 14. Ne2
Qc8 15. Bxf6 gxf6 16. Nf4 Bf5 17. Qxf5 Qa6 18. Kb1 Nb4 19. a3 Nc6 20. Qxf6+
Kxh7 21. Nh5 Rg8 22. Qxc6 Rae8 23. Nf6+ Kh8 24. Nxe8 Rg6 25. Qxd5 Rxg2 26. Rhg1
Rxh2 27. Qxf7 Qe2 28. Qg8# 1-0

[Event "DVM U10 2014"]
[Site "Magdeburg GER"]
[Date "2014.12.28"]
[Round "3"]
[White "Adelmeyer, Nelly"]
[Black "Budde, Malte"]
[Result "1-0"]
[Termination "normal"]
[Board "24.3"]
[WhiteElo "753"]
[BlackElo "785"]
[WhiteTeam "SV Roter Turm Halle 2"]
[BlackTeam "SG Bünde"]
[PlyCount "63"]
[WhiteFideId "16203577"]
[EventCountry "GER"]
[EventRounds "7"]
[EventType "team-swiss"]
[EventDate "2014.12.27"]

1. e4 e5 2. Nf3 Nc6 3. Bb5 Nf6 4. Nc3 Bc5 5. h3 d6 6. O-O Be6 7. d3 h6 8. Bd2
O-O 9. Re1 a6 10. Ba4 Nb4 11. a3 Nc6 12. Be3 Bxe3 13. Rxe3 b5 14. Bb3 Bxb3 15.
cxb3 Qe7 16. d4 Qe6 17. d5 Qd7 18. dxc6 Qxc6 19. Nh4 Qc5 20. Nf5 b4 21. Nd5 g6
22. Rg3 Nxe4 23. Nfe7+ Kh7 24. Re3 Ng5 25. h4 Ne6 26. h5 a5 27. Rg3 g5 28. Qd3+
Kh8 29. Nf6 Kg7 30. Ned5 Rfd8 31. Qh7+ Kf8 32. Qg8# 1-0

[Event "DVM U10 2014"]
[Site "Magdeburg GER"]
[Date "2014.12.28"]
[Round "3"]
[White "Tabarelli, Tom"]
[Black "Junghans, Richard"]
[Result "0-1"]
[Termination "normal"]
[Board "25.1"]
[WhiteElo "760"]
[BlackElo "1024"]
[WhiteTeam "SF Hettstedt"]
[BlackTeam "BSG Grün-Weiß Leipzig 3"]
[PlyCount "33"]
[BlackFideId "16214544"]
[EventCountry "GER"]
[EventRounds "7"]
[EventType "team-swiss"]
[EventDate "2014.12.27"]

1. d4 d5 2. c4 dxc4 3. Qa4+ c6 4. Qxc4 Be6 5. Qc3 g6 6. Nf3 Bg7 7. Qb4 Qd7 8.
Bd2 b6 9. Bc3 -- 10. Nbd2 Nf6 11. e4 Bg4 12. e5 Bf8 13. exf6 Qe6+ 14. Be2 exf6
15. Qc4 Qxc4 16. Nxc4 Nd7 17. O-O-O {Rest nicht nachvollziehbar} 0-1

[Event "DVM U10 2014"]
[Site "Magdeburg GER"]
[Date "2014.12.28"]
[Round "3"]
[White "Tonne, Tobias"]
[Black "Lehmann, Taylor"]
[Result "1/2-1/2"]
[Termination "normal"]
[Board "25.2"]
[WhiteElo "881"]
[BlackElo "786"]
[WhiteTeam "BSG Grün-Weiß Leipzig 3"]
[BlackTeam "SF Hettstedt"]
[PlyCount "48"]
[BlackFideId "16240642"]
[EventCountry "GER"]
[EventRounds "7"]
[EventType "team-swiss"]
[EventDate "2014.12.27"]

1. e4 e6 2. Nf3 d5 3. exd5 Qxd5 4. Nc3 Qc6 5. Bb5 Bc5 6. Qe2 Bd7 7. Bxc6 Bxc6
8. d4 Be7 9. Bf4 Nf6 10. Qe5 Bd6 11. Qe3 O-O 12. Bxd6 cxd6 13. Qd3 g6 14. O-O-O
Na6 15. Ng5 Nb4 16. Qe3 Rfe8 17. Qf4 Kg7 18. Qxd6 Na6 19. Rhe1 Rad8 20. Qg3 Nh5
21. Qe5+ Nf6 22. Rd3 Re7 23. Qg3 b5 24. Qh4 b4 1/2-1/2

[Event "DVM U10 2014"]
[Site "Magdeburg GER"]
[Date "2014.12.28"]
[Round "3"]
[White "Isensee, Lennart"]
[Black "Nguyen, Jenny Ha-Linh"]
[Result "0-1"]
[Termination "normal"]
[Board "25.3"]
[WhiteElo "800"]
[BlackElo "849"]
[WhiteTeam "SF Hettstedt"]
[BlackTeam "BSG Grün-Weiß Leipzig 3"]
[PlyCount "80"]
[BlackFideId "16209729"]
[EventCountry "GER"]
[EventRounds "7"]
[EventType "team-swiss"]
[EventDate "2014.12.27"]

1. e4 e5 2. Nf3 Nc6 3. Bc4 Bc5 4. Nc3 Nf6 5. d3 d6 6. Bg5 h6 7. Bd2 Bg4 8. h3
Be6 9. Bxe6 fxe6 10. O-O Qd7 11. Qe2 O-O-O 12. Rfe1 d5 13. d4 exd4 14. Nb5 dxe4
15. Nh4 g5 16. Ng6 Rhg8 17. Nf4 gxf4 18. Bxf4 e5 19. Bxh6 Bb4 20. c3 dxc3 21.
bxc3 Bc5 22. Red1 Qh7 23. Rxd8+ Rxd8 24. Bg5 Qg6 25. Bxf6 Qxf6 26. Qxe4 Rg8 27.
g3 Rf8 28. Qg4+ Kb8 29. Kh1 Bxf2 30. Qd7 Qf3+ 31. Kh2 Rc8 32. Qg7 a6 33. Na3 e4
34. Nc2 Rd8 35. Nd4 Nxd4 36. cxd4 c5 37. Qe7 Rxd4 38. Rc1 Rd1 39. Rxd1 Qxd1 40.
Qxe4 Qg1# 0-1

[Event "DVM U10 2014"]
[Site "Magdeburg GER"]
[Date "2014.12.28"]
[Round "3"]
[White "Willberg, Marek"]
[Black "Kögler, Lukas"]
[Result "1-0"]
[Termination "normal"]
[Board "25.4"]
[WhiteElo "759"]
[BlackElo "775"]
[WhiteTeam "BSG Grün-Weiß Leipzig 3"]
[BlackTeam "SF Hettstedt"]
[PlyCount "39"]
[WhiteFideId "16224027"]
[EventCountry "GER"]
[EventRounds "7"]
[EventType "team-swiss"]
[EventDate "2014.12.27"]

1. e4 e6 2. d4 d5 3. exd5 exd5 4. Nc3 Nf6 5. Nf3 Nc6 6. Bb5 Bb4 7. Bd2 O-O 8.
O-O Nh5 9. Bxc6 bxc6 10. h3 Qf6 11. Bg5 Qg6 12. a3 h6 13. axb4 hxg5 14. Ne5 Qf5
15. Qxh5 Qxc2 16. Qxg5 Qxb2 17. Rac1 Qxb4 18. Nxc6 Qc4 19. Ne7+ Kh7 20. Qh5#
1-0

[Event "DVM U10 2014"]
[Site "Magdeburg GER"]
[Date "2014.12.28"]
[Round "3"]
[White "Currenti, Gianluca"]
[Black "Liebeskind, Pascal"]
[Result "0-1"]
[Termination "normal"]
[Board "26.1"]
[WhiteElo "849"]
[BlackElo "1095"]
[WhiteTeam "Schachzwerge Magdeburg 3"]
[BlackTeam "TSG Apolda"]
[PlyCount "66"]
[BlackFideId "16212380"]
[EventCountry "GER"]
[EventRounds "7"]
[EventType "team-swiss"]
[EventDate "2014.12.27"]

1. e4 e5 2. Nf3 Nf6 3. Nxe5 d6 4. Nf3 Nxe4 5. Bc4 Bg4 6. h3 Bh5 7. g4 Bg6 8. h4
h6 9. h5 Bh7 10. d3 Nf6 11. Qe2+ Qe7 12. Be3 Nc6 13. Nc3 O-O-O 14. O-O-O Nxg4
15. Bd5 Qd7 16. Na4 Nxe3 17. Qxe3 b6 18. Nd2 Be7 19. Bg2 d5 20. Bh3 f5 21. Rhg1
Bg5 22. f4 Rhe8 23. Qf3 Bf6 24. Kb1 Kb7 25. a3 a6 26. Nc3 Bxc3 27. bxc3 Bg8 28.
Nb3 Qd6 29. Bf1 d4 30. c4 b5 31. c5 Qf6 32. Qh1 Bd5 33. Bg2 Qf7 {nicht mehr
nachvollziehbar} 0-1

[Event "DVM U10 2014"]
[Site "Magdeburg GER"]
[Date "2014.12.28"]
[Round "3"]
[White "Henzgen, Nick"]
[Black "Weber, Willi"]
[Result "1-0"]
[Termination "normal"]
[Board "26.2"]
[WhiteElo "1161"]
[BlackElo "749"]
[WhiteTeam "TSG Apolda"]
[BlackTeam "Schachzwerge Magdeburg 3"]
[PlyCount "55"]
[WhiteFideId "16212347"]
[EventCountry "GER"]
[EventRounds "7"]
[EventType "team-swiss"]
[EventDate "2014.12.27"]

1. e4 e5 2. Nf3 Nc6 3. Bc4 Bc5 4. c3 Nf6 5. d4 exd4 6. cxd4 Bb4+ 7. Nc3 Bxc3+
8. bxc3 Nxe4 9. d5 Na5 10. Bd3 Nxc3 11. Qd2 Nxd5 12. Qxa5 Nf4 13. Bxf4 b6 14.
Qd5 c6 15. Qb3 O-O 16. O-O Qf6 17. Bg5 Qd6 18. Rad1 h6 19. Bh7+ Kxh7 20. Rxd6
Ba6 21. Rfd1 Be2 22. Qc2+ g6 23. Qxe2 Rfe8 24. Be7 Rg8 25. Rxd7 g5 26. Qc4 Kg7
27. Bf6+ Kxf6 28. Qxf7# 1-0

[Event "DVM U10 2014"]
[Site "Magdeburg GER"]
[Date "2014.12.28"]
[Round "3"]
[White "Henneberg, Gregor"]
[Black "Weichold, Nelly"]
[Result "1-0"]
[Termination "normal"]
[Board "26.3"]
[WhiteElo "600"]
[BlackElo "600"]
[WhiteTeam "Schachzwerge Magdeburg 3"]
[BlackTeam "TSG Apolda"]
[PlyCount "81"]
[EventCountry "GER"]
[EventRounds "7"]
[EventType "team-swiss"]
[EventDate "2014.12.27"]

1. e4 e6 2. d4 d5 3. exd5 exd5 4. Bb5+ c6 5. Ba4 Nf6 6. Nf3 Bd6 7. O-O Bc7 8.
Bg5 h6 9. Bh4 a6 10. Nbd2 O-O 11. Qe1 Qd6 12. Bg3 Qd8 13. Bh4 Re8 14. Qd1 Ng4
15. Bxd8 Bxd8 16. Ne5 Nxe5 17. dxe5 Rxe5 18. Nf3 Re8 19. b4 Bf6 20. Rb1 d4 21.
b5 axb5 22. Rxb5 cxb5 23. Bxb5 Nc6 24. Bc4 Rd8 25. Qe1 Rb8 26. Bb5 Bd7 27. Qe4
Rbc8 28. Re1 Re8 29. Qd3 Rxe1+ 30. Nxe1 Nb4 31. Qb3 Be7 32. Bxd7 Rd8 33. Qa4
Nd5 34. Nd3 Nf6 35. Bf5 Nd5 36. Ne5 Nc3 37. Qc4 Rb8 38. Qc7 Ra8 39. Nd7 Rxa2
40. Qc8+ Bd8 41. Qxd8# 1-0

[Event "DVM U10 2014"]
[Site "Magdeburg GER"]
[Date "2014.12.28"]
[Round "3"]
[White "Franke, Josef"]
[Black "Siol, Mats Lennart"]
[Result "0-1"]
[Termination "normal"]
[Board "27.1"]
[WhiteElo "790"]
[BlackElo "1067"]
[WhiteTeam "SK Neumarkt"]
[BlackTeam "SK Blauer Springer Paderborn 2"]
[PlyCount "49"]
[BlackFideId "16229240"]
[EventCountry "GER"]
[EventRounds "7"]
[EventType "team-swiss"]
[EventDate "2014.12.27"]

1. d4 Nf6 2. Nf3 e6 3. Bg5 Be7 4. e3 b6 5. Bb5 Bb7 6. O-O Nc6 7. Ne5 d6 8.
Bxc6+ Bxc6 9. Nxc6 Qd7 10. Nb4 Qb5 11. a3 Qxg5 12. Nc6 Qh5 13. h3 g5 14. Nxe7
Kxe7 15. Nc3 g4 16. g3 Qxh3 17. Ne4 Nxe4 18. Qe1 Ng5 19. f4 Nf3+ 20. Rxf3 gxf3
21. Qf2 Rhg8 22. Qxf3 Rxg3+ 23. Qxg3 Qxg3+ 24. Kh1 Rg8 25. Rg1 0-1

[Event "DVM U10 2014"]
[Site "Magdeburg GER"]
[Date "2014.12.28"]
[Round "3"]
[White "Rust, Emily"]
[Black "Kraus, Jakob"]
[Result "1/2-1/2"]
[Termination "normal"]
[Board "27.2"]
[WhiteElo "969"]
[BlackElo "600"]
[WhiteTeam "SK Blauer Springer Paderborn 2"]
[BlackTeam "SK Neumarkt"]
[PlyCount "122"]
[WhiteFideId "16211499"]
[EventCountry "GER"]
[EventRounds "7"]
[EventType "team-swiss"]
[EventDate "2014.12.27"]

1. d4 d5 2. Nf3 Nc6 3. Bf4 e5 4. Bg5 f6 5. Bh4 g5 6. Bg3 exd4 7. Nxd4 Na5 8. e3
Bb4+ 9. c3 Bd6 10. Bd3 Bxg3 11. hxg3 c5 12. Qh5+ Kf8 13. Bxh7 cxd4 14. cxd4 Bf5
15. Qf3 Bxh7 16. Nc3 f5 17. g4 Ne7 18. Rh6 Ng8 19. Rh5 Nf6 20. Rh1 Nxg4 21.
Nxd5 Nf6 22. Nxf6 Qxf6 23. g4 Bg8 24. Rxh8 Qxh8 25. Qxf5+ Bf7 26. O-O-O Nc6 27.
Qxg5 Rc8 28. Kb1 Rd8 29. d5 Bxd5 30. Qf5+ Kg8 31. e4 Ne7 32. Qg5+ Kf8 33. exd5
Qg8 34. Qf6+ Qf7 35. Qh8+ Ng8 36. d6 Qg6+ 37. Ka1 Qxg4 38. Qd4 Qc8 39. Qf4+ Ke8
40. d7+ Rxd7 41. Re1+ Re7 42. Qb4 Rxe1+ 43. Qxe1+ Ne7 44. a3 a5 45. f4 b5 46.
Qxa5 Qc1+ 47. Ka2 Qxf4 48. Qxb5+ Kf8 49. Qd7 Qf7+ 50. b3 Qf2+ 51. Kb1 Qc5 52.
Qd8+ Kf7 53. b4 Qd5 54. Qxd5+ Nxd5 55. b5 Ke7 56. a4 Kd7 57. a5 Kc7 58. Kb2 Kd6
59. Kb3 Kc5 60. Ka4 Nc3+ 61. Kb3 Kxb5 1/2-1/2

[Event "DVM U10 2014"]
[Site "Magdeburg GER"]
[Date "2014.12.28"]
[Round "3"]
[White "Burger, Radena"]
[Black "Schäfer, Anton"]
[Result "0-1"]
[Termination "normal"]
[Board "27.3"]
[WhiteElo "775"]
[BlackElo "782"]
[WhiteTeam "SK Neumarkt"]
[BlackTeam "SK Blauer Springer Paderborn 2"]
[PlyCount "34"]
[WhiteFideId "16217241"]
[EventCountry "GER"]
[EventRounds "7"]
[EventType "team-swiss"]
[EventDate "2014.12.27"]

1. e4 e6 2. Nf3 d5 3. Ne5 Nh6 4. d3 Nd7 5. Bxh6 Nxe5 6. Bf4 Ng6 7. Bg5 Qxg5 8.
exd5 exd5 9. d4 Bd6 10. Qe2+ Be6 11. Qb5+ c6 12. Qxb7 O-O 13. h4 Qc1+ 14. Ke2
Qxc2+ 15. Nd2 Bf4 16. Rd1 Bg4+ 17. Ke1 Qxd1# 0-1

[Event "DVM U10 2014"]
[Site "Magdeburg GER"]
[Date "2014.12.28"]
[Round "3"]
[White "Brinkschröder, Josh"]
[Black "Franke, Maria"]
[Result "1-0"]
[Termination "normal"]
[Board "27.4"]
[WhiteElo "779"]
[BlackElo "600"]
[WhiteTeam "SK Blauer Springer Paderborn 2"]
[BlackTeam "SK Neumarkt"]
[PlyCount "77"]
[WhiteFideId "16274903"]
[EventCountry "GER"]
[EventRounds "7"]
[EventType "team-swiss"]
[EventDate "2014.12.27"]

1. d4 d5 2. Nf3 Nf6 3. Bf4 Nc6 4. e3 Bf5 5. c3 e6 6. Bb5 a6 7. Bxc6+ bxc6 8.
Qa4 Qd7 9. Ne5 Qd6 10. Nxf7 e5 11. Nxd6+ Bxd6 12. dxe5 Rd8 13. exd6 cxd6 14.
Qxc6+ Bd7 15. Qxd6 Ne4 16. Qxa6 Nc5 17. Qe2 Bf5 18. Bg5 Nd3+ 19. Kd1 Rd7 20. g4
Be4 21. f3 Bg6 22. e4 dxe4 23. fxe4 Nxb2+ 24. Kc1 Nd3+ 25. Kc2 Rf8 26. Rf1 Nc5
27. Rxf8+ Kxf8 28. Qb5 Bxe4+ 29. Kb2 Nd3+ 30. Kb3 Bd5+ 31. Kc2 Ne1+ 32. Kd2
Nf3+ 33. Ke3 Rd6 34. Qc5 Nxg5 35. Qxd6+ Ke8 36. Qxd5 Nf7 37. Qe6+ Kf8 38. Na3
Nd8 39. Rf1+ 1-0